00345nam a2200133Ia 4500008004100000041000800041082001700049100002100066245002900087250001400116260003800130300003200168365001100200240624s9999 xx 000 0 und d aeng a343.0999 FER aFERRERA GERALD R aCYBER LAW TEXT AND CASES a(3rd ed.) c2012aNew DelhibCengage Learning axxxv, : 568 : p. : cm. ; 26 cRSb31